00511nam a2200145Ia 4500008004100000245013400041260001700175260000900192300000800201650002300209650001200232856002900244999001900273952007300292170516s9999 xx 000 0 und d aAnalysis of the In Vivo and In Vitro Effects of Photodynamic Therapy on Breast Cancer by Using a Sensitizer, Sinoporphyrin Sodium bTheranostics c2015 a5:7 xMedical Technology xMedtech uhttp://www.thno.org/v5i7 c329983d329983 001040aCLbCLd2017-05-16l0r2017-05-16 00:00:00w2017-05-16yFOJ